Nhà cổ truyền của người Cơ-Tu và người Thái Nhà Dươl của người Cơ-Tu, nhà sàn cổ người Thái Sơn La
Giới thiệu khái quát về người Cơ-Tu và người Thái. Quá trình hình thành và phát triển, văn hoá, phong tục cũng như sinh hoạt của ngôi nhà gươl của người Cơ-Tu và nhà sàn cổ của người Thái
Đã lưu trong:
| 主要作者: | |
|---|---|
| 其他作者: | |
| 格式: | 圖書 |
| 語言: | Vietnamese |
| 出版: |
H.
Văn hoá dân tộc
2012
|
| 主題: | |
| 標簽: |
添加標簽
沒有標簽, 成為第一個標記此記錄!
|
| Thư viện lưu trữ: | Mạng thư viện Đại học Đà Nẵng |
|---|
| LEADER | 01730aam a22004098a 4500 | ||
|---|---|---|---|
| 001 | 000018088 | ||
| 003 | 14515 | ||
| 005 | 20130904100905.0 | ||
| 008 | 130904s2012 viesd | ||
| 020 | |d 2000b | ||
| 041 | 0 | |a vie | |
| 082 | 1 | 4 | |2 14 |a 392.309597 |b ĐI-H |
| 100 | 1 | |a Đinh Hồng Hải | |
| 245 | 1 | 0 | |a Nhà cổ truyền của người Cơ-Tu và người Thái |b Nhà Dươl của người Cơ-Tu, nhà sàn cổ người Thái Sơn La |c Đinh Hồng Hải, Vương Trung |
| 260 | |a H. |b Văn hoá dân tộc |c 2012 | ||
| 300 | |a 298 tr. |b ảnh |c 21 cm. | ||
| 500 | |a ĐTTS ghi: Hội Văn nghệ dân gian Việt Nam | ||
| 504 | |a Phụ lục: tr. 244-284. - Thư mục: tr. 285-294 | ||
| 520 | |a Giới thiệu khái quát về người Cơ-Tu và người Thái. Quá trình hình thành và phát triển, văn hoá, phong tục cũng như sinh hoạt của ngôi nhà gươl của người Cơ-Tu và nhà sàn cổ của người Thái | ||
| 650 | 0 | 4 | |2 Bộ TK TVQG |a Kiến trúc dân tộc |x Người Cơ tu |x Người Thái |z Việt Nam |
| 650 | 7 | |2 Bộ TK TVQG | |
| 650 | 7 | |2 Bộ TKTVQG | |
| 650 | 7 | |2 Bộ TK TVQG | |
| 650 | 7 | |2 Bộ TKTVQG | |
| 651 | 7 | |2 Bộ TK TVQG |a Việt Nam | |
| 653 | |a Nhà gươl | ||
| 700 | 1 | |a Vương Trung | |
| OWN | |a LSP | ||
| AVA | |a UDN50 |b LSP |d 392.309597 ĐI-H |e available |t Error 5001 Not defined in file expand_doc_bib_avail. |f 1 |g 0 |h N |i 0 |k 1 | ||
| 999 | |a From the UDN01 | ||
| AVA | |a UDN50 |b LSP |d 392.309597 ĐI-H |e available |t Error 5001 Not defined in file expand_doc_bib_avail. |f 1 |g 0 |h N |i 0 |k 1 | ||
| TYP | |a Monograph | ||
| TYP | |a Printed language | ||
| 980 | |a Mạng thư viện Đại học Đà Nẵng | ||